000 00740nam a2200193 a 4500
008 120416s1991 ||||||||||||||||| || u
020 _a0821317776
050 _aIBRD(08)DP
100 _aNellis, John
245 1 0 _aImproving the performance of Soviet enterprises
260 _aWashington, D. C.
_bWorld Bank
_c1991
300 _avii, 23p. : ill.
350 _a0.00
490 _aWorld Bank Discussion Papers
650 _aGOVERNMENT BUSINESS ENTERPRISES--SOVIET UNION--MANAGEMENT
650 _aPRIVATIZATION--SOVIET UNION
650 _aGOVERNMENT OWNERSHIP--SOVIET UNION
995 _D0.00
_FCBU-MAIN LIBRARY (Kitwe)
_H1
_I0.00
_M1
_UAVAILABLE
_WJan 16, 2008
_ZInternational Publications
999 _c46526
_d46526